| 000 | 01158 a2200301 4500 | ||
|---|---|---|---|
| 003 | OSt | ||
| 005 | 20180116192359.0 | ||
| 008 | 120702t xxu||||| |||| 00| 0 eng d | ||
| 010 | _a 2010283456 | ||
| 020 | _a9780714848891 (pbk.) | ||
| 020 | _a0714848891 (pbk.) | ||
| 035 | _a(OCoLC)ocn262432236 | ||
| 040 | _c0 | ||
| 082 | 0 | 4 | _a709.2 |
| 245 | 0 | 0 |
_aAi Weiwei / _c[survey by] Karen Smith, [interview by] Hans Ulrich Obrist, [focus by] Bernard Fibicher. |
| 260 |
_aLondon ; _aNew York : _bPhaidon, _c2009. |
||
| 300 |
_a158 p. : _bcol. ill. ; _c29 cm. |
||
| 440 | 0 |
_aContemporary artists _94962 |
|
| 505 | 0 | _aInterview - Hans Ulrich Obrist in conversation with Ai Weiwei. Survey - Karen Smith. Focus - Bernard Fibicher, Working Progress (Fountain of Light). Artist's Choice. Artist's Writings. | |
| 600 | 1 | 0 |
_aAi, Weiwei _xCriticism and interpretation. _94963 |
| 650 | 1 | 0 |
_aArt dealers _94964 |
| 700 | 1 |
_aSmith, Karen, _94965 |
|
| 700 | 1 |
_aObrist, Hans-Ulrich. _94966 |
|
| 700 | 1 |
_aFibicher, Bernhard. _94967 |
|
| 700 | 1 |
_aAi, Weiwei. _94968 |
|
| 942 |
_aSADA _cBK _k709.2 AIW 2009 _2ddc |
||
| 999 |
_c353241 _d353241 |
||